<?xml version="1.0" encoding="UTF-8"?>
<record
    xmlns:xsi="http://www.w3.org/2001/XMLSchema-instance"
    xsi:schemaLocation="http://www.loc.gov/MARC21/slim http://www.loc.gov/standards/marcxml/schema/MARC21slim.xsd"
    xmlns="http://www.loc.gov/MARC21/slim">

  <leader>00848nam a2200241 a 4500</leader>
  <controlfield tag="001">BRCA_4823</controlfield>
  <controlfield tag="005">20190320204824.0</controlfield>
  <controlfield tag="008">161209s1869----gw-#######---#000-0#ger-#</controlfield>
  <datafield tag="041" ind1=" " ind2=" ">
    <subfield code="a">ger</subfield>
  </datafield>
  <datafield tag="044" ind1=" " ind2=" ">
    <subfield code="a">gw</subfield>
  </datafield>
  <datafield tag="050" ind1=" " ind2="4">
    <subfield code="a">F1233.M39</subfield>
    <subfield code="b">.M45 2</subfield>
    <subfield code="c">1869</subfield>
  </datafield>
  <datafield tag="100" ind1="1" ind2=" ">
    <subfield code="a">Hellwald, von Friedrich</subfield>
    <subfield code="d">1842-1892.</subfield>
    <subfield code="9">12228</subfield>
  </datafield>
  <datafield tag="245" ind1="1" ind2="0">
    <subfield code="a">Maximilian I. Kaiser von Mexico</subfield>
    <subfield code="b">Sein Leben, Wirken und Sein tod nebst einem Abriss der Geschichte des Kaiserreichs</subfield>
    <subfield code="c">von Friedrich von Hellwald.</subfield>
  </datafield>
  <datafield tag="260" ind1=" " ind2=" ">
    <subfield code="a">Wien, Alemania</subfield>
    <subfield code="b">Wilhelm Braum&#xFC;ller</subfield>
    <subfield code="c">1869</subfield>
  </datafield>
  <datafield tag="300" ind1=" " ind2=" ">
    <subfield code="a">2 v.</subfield>
    <subfield code="c">20 cm.</subfield>
  </datafield>
  <datafield tag="500" ind1=" " ind2=" ">
    <subfield code="a">Estado f&#xED;sico: Encuadernaci&#xF3;n deteriorada</subfield>
  </datafield>
  <datafield tag="500" ind1=" " ind2=" ">
    <subfield code="a">Ejemplar igual a B193</subfield>
  </datafield>
  <datafield tag="500" ind1=" " ind2=" ">
    <subfield code="a">D153</subfield>
  </datafield>
  <datafield tag="600" ind1="1" ind2="4">
    <subfield code="a">Maximiliano</subfield>
    <subfield code="c">Emperador de M&#xE9;xico</subfield>
    <subfield code="d">1832-1867</subfield>
    <subfield code="9">4582</subfield>
  </datafield>
  <datafield tag="651" ind1=" " ind2="4">
    <subfield code="a">M&#xE9;xico</subfield>
    <subfield code="v">Historia</subfield>
    <subfield code="x">Intervenci&#xF3;n francesa</subfield>
    <subfield code="y">1861-1867</subfield>
    <subfield code="9">12229</subfield>
  </datafield>
  <datafield tag="902" ind1=" " ind2=" ">
    <subfield code="a">GFM</subfield>
  </datafield>
  <datafield tag="942" ind1=" " ind2=" ">
    <subfield code="2">lcc</subfield>
    <subfield code="c">B</subfield>
  </datafield>
  <datafield tag="999" ind1=" " ind2=" ">
    <subfield code="c">4519</subfield>
    <subfield code="d">4519</subfield>
  </datafield>
  <datafield tag="952" ind1=" " ind2=" ">
    <subfield code="0">0</subfield>
    <subfield code="1">0</subfield>
    <subfield code="4">0</subfield>
    <subfield code="7">0</subfield>
    <subfield code="a">BRCA</subfield>
    <subfield code="b">BRCA</subfield>
    <subfield code="d">2010-10-13</subfield>
    <subfield code="i">D153</subfield>
    <subfield code="l">0</subfield>
    <subfield code="o">F1233.M39 .M45 2 1869 (D153)</subfield>
    <subfield code="p">4856</subfield>
    <subfield code="r">2019-03-22 00:00:00</subfield>
    <subfield code="w">2019-03-22</subfield>
    <subfield code="y">B</subfield>
  </datafield>
</record>
